| 000 | 00717nam a2200253 a 4500 | ||
|---|---|---|---|
| 001 | 73065 | ||
| 003 | BD-RjUL | ||
| 005 | 20211209082339.0 | ||
| 008 | 170527s1885 enk 000 0 | ||
| 035 | _a(BD-RjUL)73283 | ||
| 040 |
_aBD-RjUL _beng _cBD-RjUL _dBD-RjUL |
||
| 041 | _aeng | ||
| 082 |
_223 _a613.71 _bPRS 1885 |
||
| 100 | 1 |
_aProctor, Richard Anthony. _9216123 |
|
| 245 | 1 | 0 |
_aStrength and happiness / _cRichard Anthony Proctor. |
| 260 |
_aLondon : _bLongmans Green & co., _c1885 |
||
| 300 |
_ax, 283 p.; _ccm.19 |
||
| 490 | 1 | _aKnowledge libr. | |
| 650 |
_aMuscle strength _9216124 |
||
| 650 |
_aHappiness _9127752 |
||
| 752 |
_aEngland _dLondon |
||
| 830 | 0 |
_aKnowledge libr. _9216129 |
|
| 942 |
_2ddc _cBK |
||
| 999 |
_c73065 _d73065 |
||